000 00495nam a2200181 i 4500
001 59663
003 ES-MaACL
005 20260201161658.0
007 t|
008 031030s1972 sp ||||1| spa d
245 0 3 _aLa epopeya de Gilgamesh /
_cversión de Agustí Bartra.
250 _a[1ª ed.].
260 _a[Barcelona] :
_bPlaza & Janés,
_c[1972]
300 _a140 p. ;
_c20 cm.
700 1 _aBartra, Agustí
_926185
852 _aES-MaACL
_jC-50135
_bR.83798
999 _c59663
_d59663